|
|
|
|
| LEADER |
01277nam a22002777a 4500 |
| 001 |
35934 |
| 003 |
BD-DhAAL |
| 005 |
20211129151009.0 |
| 008 |
190918t1999 bg ||||| |||| 00| d ben d |
| 999 |
|
|
|c 41304
|d 41304
|
| 020 |
|
|
|a 9840738994
|
| 040 |
|
|
|a BD-DhAAL
|
| 041 |
|
|
|a ben
|
| 082 |
|
|
|a 891.442
|
| 245 |
|
|
|a বেকেটের দু'টি নাটক :
|b শেষ খেলা যা কিছু সব ঝরে পড়ে /
|c কবীর চৌধুরী ; শাহীন কবীর অনুবাদিত
|
| 246 |
|
|
|a Beketer duti natak :
|b endgame & all that fall
|
| 260 |
|
|
|a ঢাকা :
|b বাংলা একাডেমী,
|c ১৯৯৯
|
| 300 |
|
|
|a [পনেরো], ১৫৮ পৃষ্ঠা :
|c ২২ সে.মি.
|
| 526 |
|
|
|a BIED
|
| 541 |
|
|
|a Complimentary copy from BIED
|e 35934
|
| 650 |
|
|
|a Bengali drama.
|9 33100
|
| 700 |
|
|
|a চৌধুরী, কবীর
|9 34858
|
| 700 |
|
|
|a কবীর, শাহীন
|9 34859
|
| 852 |
|
|
|a Ayesha Abed Library
|c BIED Collection
|
| 942 |
|
|
|2 ddc
|c BK
|
| 952 |
|
|
|0 0
|1 0
|2 ddc
|4 0
|6 891_442000000000000_BEK
|7 0
|9 66389
|a BRACUL
|b BRACUL
|c GEN
|d 2019-09-18
|e Complimentary copy from BIED
|l 2
|o 891.442 BEK
|p 3010035934
|r 2025-08-12
|s 2025-08-06
|t 1
|w 2019-09-18
|y BK
|x Transferred from BIED to General Stacks
|